Arq architectural research quarterly.

Detalles Bibliográficos
Formato: Electrónico Revista
Lenguaje:inglés
Publicado: [Cambridge] : Cambridge University Press
Materias:
Acceso en línea:Full text available from Research Library: 03/01/2001 to 1 year ago

MARC

LEADER 00000nas a2200000 a 4500
001 ssj0013068
003 WaSeSS
005 20200512172242.0
006 m d
007 cr n
008 021212c19959999enkqr pss o 0 0eng c
010 |a  2007233493 
015 |a GBB400798  |2 bnb 
016 7 |a 012901256  |2 Uk 
022 |a 1474-0516  |l 1359-1355  |y 1359-1355 
035 |a (WaSeSS)ssj0013068 
040 |a NTD  |b eng  |c NTD  |d OCLCQ  |d OCL  |d GUA  |d OCLCQ  |d OCLCF  |d OCLCE  |d CUS  |d OCLCO  |d OCLCQ  |d VT2  |d OCLCO  |d NLE  |d GILDS  |d UKMGB  |d OCLCQ  |d WaSeSS 
042 |a pcc  |a dlr 
050 1 4 |a NA1 
082 0 4 |a 720.5 
130 0 |a Arq (London, England : Online) 
245 1 0 |a Arq  |h [electronic resource] :  |b architectural research quarterly. 
246 3 0 |a Architectural research quarterly 
260 |a [Cambridge] :  |b Cambridge University Press 
310 |a Quarterly 
362 1 |a Print began with vol. 1, no. 1 (autumn 1995). 
506 |a License restrictions may limit access. 
538 |a Master and use copy. Digital master created according to Benchmark for Faithful Digital Reproductions of Monographs and Serials, Version 1. Digital Library Federation, December 2002.  |u http://purl.oclc.org/DLF/benchrepro0212  |5 MiAaHDL 
538 |a Mode of access: World Wide Web. 
583 1 |a digitized  |c 2010  |h HathiTrust Digital Library  |l committed to preserve  |2 pda  |5 MiAaHDL 
588 |a Description based on: Vol. 5, issue 1 (Mar. 2001); title from contents screen (Cambridge Journals, viewed July 26, 2007). 
588 |a Latest issue consulted: Vol. 10, issue 3/4 (Dec. 2006), viewed July 26. 2007. 
650 0 |a Architecture  |v Periodicals. 
650 0 |a Architectural design  |v Periodicals. 
650 6 |a Architecture  |v Périodiques. 
650 6 |a Design architectural  |v Périodiques. 
650 7 |a Architectural design.  |2 fast  |0 (OCoLC)fst00813184 
650 7 |a Architecture.  |2 fast  |0 (OCoLC)fst00813346 
655 0 |a Electronic journals. 
776 0 8 |i Print version:  |t Arq (London, England)  |x 1359-1355  |w (DLC)sn 95032206  |w (OCoLC)33415060 
856 4 0 |z Full text available from Research Library: 03/01/2001 to 1 year ago  |u https://search.proquest.com/publication/26886